Word Ladder: 3-Letter Enjoyment Quiz Stats

 Plays Quiz Updated Jan 28, 2013

Support Sporcle.
Go Orange.
Score 0/54 Timer 05:00
0 Plays Today
Clue 3-Letter Word % Correct
At a distanceFAR
97.5%
OccupationJOB
96.5%
Hair of certain animalsFUR
96%
Run slowly, steadilyJOG
95.6%
Jump on one footHOP
95.6%
EnjoymentFUN
94.5%
What you just hadFUN
94.4%
Poke someone quicklyJAB
93.7%
Cylindrical glass container JAR
92.9%
Consume foodEAT
91.8%
Young maleBOY
91.7%
Not inOUT
91.6%
Make hole in groundDIG
90.9%
Implement for frying eggsPAN
90.7%
Don't share somethingHOG
90.5%
Object for children to play withTOY
90.4%
Organ for your auditory senseEAR
90.2%
2000 lbs.TON
90.2%
Outer edge of a cupRIM
89.5%
Cow soundMOO
89.4%
Boat rowing needOAR
88.6%
Conflict between different nationsWAR
88.4%
We's possessiveOUR
87.7%
Faint lightingDIM
87.4%
To officially prohibit somethingBAN
87.3%
A kind of alcoholGIN
87.1%
Cereal plant grainOAT
86.8%
Clue 3-Letter Word % Correct
Animal's foot with clawsPAW
86.6%
Male sheepRAM
86.4%
Garbage holderBIN
85.9%
Questioning wordWHY
85.6%
Large cut wood pieceLOG
85.5%
Yellowish-brown colorTAN
85.2%
Fall behind in movementLAG
85.1%
Cigarette byproductTAR
84.9%
Live performanceGIG
84.7%
Touch gently with flat handPAT
83.7%
Beam of lightRAY
83.7%
A method of doing somethingWAY
82.6%
Cut the end off quicklyLOP
82.5%
'___ can it be now?'WHO
82.4%
Cooling applianceFAN
81.6%
Metal cookwarePOT
81.4%
Immoral actSIN
81.3%
Large disordered crowdMOB
81.2%
Male childSON
81.1%
Sharp sewing needPIN
80.4%
Put down gentlyLAY
80.3%
Flirt with the intention of loveWOO
80.2%
Cry loudlySOB
80.1%
A broad inlet of the sea by landBAY
79.7%
Automated online 'person'BOT
77.7%
Expression of triumphYAY
70%
Deviate from a straight courseYAW
63.7%

Today's Daily Dose

Word Ladder
ING Words

Get the Picture
Nearest Volcano

From the Vault

Video Game Trees

by dolebanana

Gaming 4m
The best thing about video game trees is that they don't get sap on you when you punch them.
Remove Ads.
Support Sporcle.
Get the best of Sporcle when you Go Orange. This ad-free experience offers more features, more stats, and more fun while also helping to support Sporcle. Thank you for becoming a member.

Show Comments

Extras

Top Quizzes Today


Score Distribution

Your Account Isn't Verified!

In order to create a playlist on Sporcle, you need to verify the email address you used during registration. Go to your Sporcle Settings to finish the process.

Report this User

Report this user for behavior that violates our Community Guidelines.

Details: